00713nam a2200241 a 4500001001300000003000900013005001700022008004100039020001000080082001800090100002500108245003400133260003800167300000900205500003500214505001000249650002300259700002500282902000800307942000700315952013400322999001500456nice12345678IN_TiNIC20260116012933.0050524s1990 dela grp 000 0 eng  ac20000a297.1977bENG aEngineer, Asghar Ali aIslam and Liberation Theology aDelhibSterling Publishers c1990 a238p aincludes index and biblioraphy2 aindex aIslam and Politics1 aEngineer, Asghar Ali bSRS cBK 001040708StackRoom-aHMIbHMId2012-01-06g200.00l7m2o297.1977 ENGp014080r2024-05-14s2024-05-07v200.00w2005-05-24yBK c8972d8972